| 000 | 01269nam2a2200289 4500 | ||
|---|---|---|---|
| 001 | RU\NLR\bibl\889869 | ||
| 005 | 20250614171955.0 | ||
| 010 |
_a5-89308-178-1 _920000 |
||
| 021 |
_aRU _b2005-63674 _93126 |
||
| 035 | _a(NLR Aleph) 000878379 | ||
| 090 |
_a1643261 _c1643261 |
||
| 100 | _a20051219d2005 |||y0rusy50 ca | ||
| 101 | 0 | _arus | |
| 102 | _aRU | ||
| 105 | _aa ||||||||| | ||
| 200 | 1 | _aНатуральные числа | |
| 210 |
_d2005 _aБ. м. |
||
| 215 |
_a63,[1] с. _cил. |
||
| 320 | _aДр. произведения авт. в конце кн. | ||
| 461 | 0 |
_1001RU\NLR\bibl\905528 _12001#$aУчимся решать задачи$v... N° 1 _91735656 _aИстомина, Н. Б. (д-р пед. наук ; 1941-2020) _cСмоленск _d2005 _fИстомина Н.Б., Мендыгалиева А.К. _nАссоциация XXI век _oтетрадь по математике ... для 5-го класса _tУчимся решать задачи _v... N° 1 |
|
| 606 | 1 |
_aНатуральные числа _jРабочие тетради для средней школы _92143811 _3RU\NLR\auth\661291814 |
|
| 686 | _aВ140я721-4 | ||
| 801 | 0 |
_aRU _bNLR _c20051219 _grcr |
|
| 801 | 1 |
_aRU _bNLR _c20051219 |
|
| 942 | _cBOOK | ||
| 980 | _aNB | ||